Équipes ayant remporté le plus de victoires au Championnat d'Europe - Statistiques

Statistiques générales
  • Ce quiz a été pris 45 fois
    17 depuis la dernière actualisation
  • Le résultat moyen est 10 sur 11
Statistiques - réponses
Victoires Équipe % Correct
30 Allemagne de l’Ouest / Allemagne
100%
28 Espagne
100%
23 France
100%
22 Italie
100%
21 Portugal
100%
18 Angleterre
94%
23 Pays-Bas
94%
12 Belgique
88%
10 Danemark
88%
13 Russie / Union soviétique
88%
15 République tchèque / Tchécoslovaquie
81%
Aucun quiz correspondant
Distribution des résultats
% des personnes avec chaque résultat
Percentile par nombre de réponses
Votre historique - résultats
Vous n’avez pas pris ce quiz depuis la dernière actualisation